Textbook of mushroom/ (Record no. 12191)

MARC details
000 -LEADER
fixed length control field 00620nam a22002057a 4500
005 - DATE AND TIME OF LATEST TRANSACTION
control field 20250814090804.0
008 - FIXED-LENGTH DATA ELEMENTS--GENERAL INFORMATION
fixed length control field 250814b |||||||| |||| 00| 0 eng d
020 ## - INTERNATIONAL STANDARD BOOK NUMBER
International Standard Book Number 9788170196433
040 ## - CATALOGING SOURCE
Original cataloging agency IN-DiNC
Transcribing agency IN-DiNC
041 ## - LANGUAGE CODE
Language code of sung or spoken text English
082 ## - DEWEY DECIMAL CLASSIFICATION NUMBER
Classification number 579.6
Item number DEV
100 ## - MAIN ENTRY--PERSONAL NAME
Personal name Devi, Sobita
Relator term Author
245 ## - TITLE STATEMENT
Title Textbook of mushroom/
Statement of responsibility, etc. by Sobita Devi, Abhilasha A Lal and Archana U Singh
260 ## - PUBLICATION, DISTRIBUTION, ETC.
Place of publication, distribution, etc. New Delhi:
Name of publisher, distributor, etc. Today and tomorrows printers and publishers,
Date of publication, distribution, etc. 2019.
300 ## - PHYSICAL DESCRIPTION
Extent 124p.
650 ## - SUBJECT ADDED ENTRY--TOPICAL TERM
Topical term or geographic name entry element Mushroom cultivation
700 ## - ADDED ENTRY--PERSONAL NAME
Personal name Lal, Abhilasha A
Relator term Author
700 ## - ADDED ENTRY--PERSONAL NAME
Personal name Singh, Archana U
Relator term Author
942 ## - ADDED ENTRY ELEMENTS (KOHA)
Source of classification or shelving scheme Dewey Decimal Classification
Koha item type Books
Holdings
Withdrawn status Lost status Source of classification or shelving scheme Damaged status Not for loan Collection code Home library Current library Shelving location Date acquired Cost, normal purchase price Total Checkouts Full call number Barcode Date last seen Copy number Price effective from Koha item type
    Dewey Decimal Classification     General Collection Central Library, Naharkatiya College Central Library, Naharkatiya College General Stacks 14/08/2025 1595.00   579.6 DEV 29741 14/08/2025 1 14/08/2025 Books

Naharkatiya College © 2020. All rights reserved.

Powered By